00825nam a22002297a 450000500170000001000150001702000260003203500140005803700090007208200140008110000270009524500580012225000060018026000650018627000850025130000210033649000100035770000290036794200250039699900190042195201550044020260114143231.0 aENG-147455 a9789367136393c899.00 aEN-130987 bDBAD a610.7321 aShirley Prakash986365 aNursing Foundations/cShirley Prakash [and] Gladys J. a1 aUttar PradeshbPearson india education service PVT LTDc2026 bUttar Pradesha1st Floor Berger Tower Plot No. C-001A/2 Sector 16B Noidae201301 a706p.;c25cm(pb) vVol 1 aGladys J.eAuthor986366 2ddccENmSHIh610.73 c214119d214119 001040708NFICaJPbJPd2026-01-14eDelivery of Books Act Divisiong899.00l0oSHI 610.73pEN-130987r2026-01-14 00:00:00t1v899.00w2026-01-14yEN